=LDR 00000nam 2200000 4500 =001 INLIS000000000037728 =005 20130612143438 =008 ***********************************Ind** =035 ##$$0010-061300000037728 =041 ##$$a Ind =082 ##$$a 641.8 =090 ##$$a 641.8, Ana r =100 ##$$a Ananto, Diah Surjani =245 ##$$a Rahasia membuat cheese cake, Diah Surjani Ananto ; penyunting, Ayu Kharie =260 ##$$a 2010 $b jakarta =300 ##$$a 95 hlm, ilus, 25 cm =650 ##$$a Cake =850 ##$$a NBPNMAT =990 ##$$a 1299312993 =990 ##$$a 01201712993